000 00758nam a22002292 4500
001 0000005305
005 20151217152001.0
008 070611s xx 000 0 eng d
020 _a0697006212 :
040 _aKABU
_cKABU
050 0 _aTT150
_b.D38
100 1 _aDavis, Virginia Irby.
_@0000156520
245 1 0 _aCrafts :
_ba basic survey /
_cVirginia Irby Davis.
260 _aDubuque :
_bWm. C. Brown Publishers,
_cc1989.
300 _axvi, 313 p. :
_bill. ;
_c28 cm.
504 _aIncludes bibliographical references and index.
650 0 _aHandicraft
_xStudy and teaching
_zUnited States.
_@0000156521
908 _a070611
950 _@1
999 _c6990
_d6990